[Event "Christmas Festival AN PASAN&Friends"]
[Site "Vonesta voda"]
[Date "2016.12.29"]
[Round "5.3"]
[White "Stoyanov, Stoyan Orl"]
[Black "Terziev, Dimo"]
[Result "0-1"]
[WhiteElo "2024"]
[BlackElo "1865"]
[PlyCount "172"]
[EventDate "2016.12.26"]
[EventType "tourn"]
[EventRounds "5"]
[EventCountry "BUL"]

1. d4 g6 2. e4 Bg7 3. Nc3 c6 4. h3 Nf6 5. Be3 O-O 6. Nf3 d6 7. Be2 Qc7 8. Qd2
Nbd7 9. O-O Rd8 10. Rad1 Re8 11. Rfe1 b6 12. Bf4 e5 13. dxe5 dxe5 14. Bh6 Nc5
15. Bxg7 Kxg7 16. Qd6 Qxd6 17. Rxd6 Bb7 18. Bc4 b5 19. Bb3 b4 20. Na4 Ncxe4 21.
Rxe4 Nxe4 22. Rd7 Bc8 23. Rxf7+ Kh6 24. Rc7 Be6 25. Nxe5 Bxb3 26. Ng4+ Kg5 27.
axb3 h5 28. Ne3 Re6 29. c3 Nxf2 30. Nc2 Rf6 31. Nd4 Nxh3+ 32. Kh2 Nf4 33. Rxc6
Rxc6 34. Nxc6 bxc3 35. bxc3 Ne6 36. b4 Rc8 37. b5 Rc7 38. c4 Kg4 39. c5 Rxc6
40. bxc6 Nc7 41. Nc3 a5 42. Na4 Kf4 43. Nc3 Ke5 44. Kg3 g5 45. Kf3 Kd4 46. Na4
Kd5 47. Ke3 Kxc6 48. Ke4 Kb5 49. Nb2 Kxc5 50. Kf5 Nd5 51. Kxg5 Kb4 52. g3 Nb6
53. Kxh5 Kc3 54. Nd1+ Kb3 55. Nf2 a4 56. Nd3 a3 57. g4 Kc3 58. Nc1 Kc2 59. Na2
Nd5 60. g5 Kb2 61. g6 Kxa2 62. g7 Ne7 63. Kg5 Kb2 64. Kf6 Ng8+ 65. Kf7 a2 66.
Kxg8 a1=Q 67. Kf7 Qf1+ 68. Ke7 Qg2 69. Kf7 Qf3+ 70. Ke7 Qg4 71. Kf7 Qf5+ 72.
Ke7 Qg6 73. Kf8 Qf6+ 74. Kg8 Kc3 75. Kh7 Qf7 76. Kh8 Qh5+ 77. Kg8 Kd4 78. Kf8
Qf5+ 79. Ke7 Qg6 80. Kf8 Qf6+ 81. Kg8 Ke5 82. Kh7 Qh4+ 83. Kg6 Qg4+ 84. Kf7
Qf5+ 85. Ke7 Qf6+ 86. Kd7 Qxg7+ 0-1